00853cam a2200229 i 450000500170000001000130001702000260003003500130005603700140006908200060008310000190008924500950010826000310020327000780023430000410031249000310035370000190038470000220040394200200042599900190044595201590046420180817110025.0 aB-701331 a9789386106759c125.00 aB-701331 aDBADbdpl04aS1 aAuntie, Kimmie10aJoin our earth club!! /cby Kimmie auntie :illustrsted by Ayesh Shadr [and] Ishan Dasgupta aGurgaon bScholasticc2016 aA-27,Ground floor, Sigma Centre, Inficity-1, Sector-34,bGurgaon e122001 2av.p. :billustrations ;c21 cm (pbk) aYhe best me!vEnvironment  a Ayeshe Shadr  aDasgupta, Ishan . 2ddccCHhSmAUN c155981d155981 001040708FICaAVbAVd2018-08-17eDBAD/Children/Gift/02.08.2018g125.00l4oS AUNpB-701331r2020-10-13 00:00:00s2020-09-29t1v125.00w2018-08-17yCH